| 000 | 00517nam a2200205Ia 4500 | ||
|---|---|---|---|
| 005 | 20250425162423.0 | ||
| 008 | 250425s9999 xx 000 0 und d | ||
| 041 | _aeng | ||
| 082 | _a574.5261 | ||
| 100 | _aROKEBY, BARBARA | ||
| 245 | 0 | _aMANUAL ON MARINE EXPERIMENTAL ECOSYSTEMS | |
| 250 | _aS.E. | ||
| 260 |
_aFrancia _bUNESCO _c1991 |
||
| 260 |
_aPARIS _bUNESCO |
||
| 300 | _a178 | ||
| 500 | _aUNESCO TECHNICAL PAPERS IN MARINE SCIENCE | ||
| 650 | _aECOSISTEMAS MARINOS | ||
| 942 | _c01 | ||
| 010 | _a72299 | ||
| 999 |
_c228847 _d228847 |
||